Clubs de Liga Nos - Statistiques

Statistiques générales
  • Ce quiz a été pris 75 fois
  • Le résultat moyen est 13 sur 18
Statistiques - réponses
Par images Réponse % Correct
Benfica Lisbonne
100%
FC Porto
100%
Sporting CP
100%
SC Braga
97%
Boavista FC
90%
Vitoria Guimaraes
84%
Gil Vicente FC
80%
GD Estoril Praia
74%
FC Arouca
71%
Rio Ave FC
69%
FC Famaliçao
67%
Portimonense SC
67%
Casa Pia AC
64%
GD Chaves
60%
FC Vizela
56%
Moreirense FC
56%
CF Estrala Amadora
54%
SC Farense
49%
Aucun quiz correspondant
Distribution des résultats
% des personnes avec chaque résultat
Percentile par nombre de réponses
Votre historique - résultats
Vous n’avez pas pris ce quiz